|
|
|
|
| LEADER |
00000cam a2200000 a 4500 |
| 001 |
UCS5668 |
| 003 |
CL-VaPUC |
| 008 |
970906e19960000SP |||||||||||||||||spa|d |
| 020 |
|
|
|a 9788429118087
|
| 082 |
0 |
4 |
|a 530
|b CRO
|2 21
|
| 100 |
|
|
|a Cromer, Alan H
|e author
|9 391380
|
| 245 |
1 |
0 |
|a Física para las ciencias de la vida
|
| 250 |
|
|
|a 2a. ed
|
| 300 |
|
|
|a 578 p
|
| 942 |
|
|
|c BK
|
| 945 |
|
|
|d 19970906 00:00:00
|a jquezada
|
| 260 |
|
|
|a Barcelona
|b Reverté
|c 1996
|
| 500 |
|
|
|a Reimpresión febrero de 2009
|
| 650 |
|
0 |
|a Física
|9 227844
|
| 650 |
|
0 |
|a Fuerza
|9 345825
|
| 650 |
|
7 |
|a GRAVEDAD
|2 CL-VaPUC
|9 353396
|
| 650 |
|
0 |
|a Propiedades físicas
|9 342981
|
| 650 |
|
0 |
|a Dinámica
|9 260136
|
| 650 |
|
0 |
|a Energía
|9 259431
|
| 650 |
|
0 |
|a Materia
|9 265041
|
| 650 |
|
0 |
|a Fluidos
|9 259333
|
| 650 |
|
0 |
|a Gases
|9 260945
|
| 650 |
|
0 |
|a Líquidos
|9 260946
|
| 650 |
|
0 |
|a Sólidos
|9 260188
|
| 650 |
|
0 |
|a Calor
|9 260253
|
| 650 |
|
0 |
|a Ondas
|9 260165
|
| 650 |
|
0 |
|a Sonido
|9 261796
|
| 650 |
|
0 |
|a Luz
|9 263172
|
| 650 |
|
0 |
|a Optica
|9 263171
|
| 650 |
|
0 |
|a Electricidad
|9 260222
|
| 650 |
|
0 |
|a Magnetismo
|9 260336
|
| 650 |
|
0 |
|a Átomos
|9 259583
|
| 650 |
|
7 |
|a FISICA NUCLEAR
|2 CL-VaPUC
|9 270366
|
| 583 |
|
|
|a last modification
|c 20120328 12:01:12
|k Rodrigo Vera
|
| 999 |
|
|
|c 261987
|d 261985
|
| 952 |
|
|
|0 0
|1 0
|2 ddc
|4 0
|6 530_000000000000000_CRO_1996
|7 0
|8 A
|9 290093
|a BIBCUR
|b BIBCUR
|d 2019-11-19
|i 3348105
|o 530 CRO 1996
|p 3348105
|r 2025-04-22
|w 2019-11-19
|y BK
|k KIN
|
| 952 |
|
|
|0 0
|1 0
|2 ddc
|4 0
|6 530_000000000000000_CRO_1996
|7 0
|8 A
|9 290094
|a BIBCUR
|b BIBCUR
|d 2019-11-19
|i 3348113
|o 530 CRO 1996
|p 3348113
|r 2025-04-22
|w 2019-11-19
|y BK
|k KIN
|
| 952 |
|
|
|0 0
|1 0
|2 ddc
|4 0
|6 530_000000000000000_CRO_1996
|7 0
|8 A
|9 290095
|a BIBCUR
|b BIBCUR
|d 2019-11-19
|i 3348121
|o 530 CRO 1996
|p 3348121
|r 2025-04-22
|w 2019-11-19
|y BK
|k KIN
|
| 952 |
|
|
|0 0
|1 0
|2 ddc
|4 0
|6 530_000000000000000_CRO_1996
|7 0
|8 A
|9 290096
|a BIBCUR
|b BIBCUR
|d 2019-11-19
|i 334813K
|o 530 CRO 1996
|p 334813K
|r 2025-04-22
|w 2019-11-19
|y BK
|k KIN
|
| 952 |
|
|
|0 0
|1 0
|2 ddc
|4 0
|6 530_000000000000000_CRO_1996
|7 0
|8 A
|9 290097
|a BIBCUR
|b BIBCUR
|d 2019-11-19
|i 3348148
|o 530 CRO 1996
|p 3348148
|r 2025-04-22
|w 2019-11-19
|y BK
|k KIN
|
| 952 |
|
|
|0 0
|1 0
|2 ddc
|4 0
|6 530_000000000000000_CRO_1996
|7 0
|8 A
|9 290100
|a BIBCUR
|b BIBCUR
|d 2019-11-19
|i 4492870
|o 530 CRO 1996
|p 4492870
|r 2025-04-22
|w 2019-11-19
|y BK
|k KIN
|
| 952 |
|
|
|0 0
|1 0
|2 ddc
|4 0
|6 530_000000000000000_CRO_1996
|7 0
|8 A
|9 290101
|a BIBCUR
|b BIBCUR
|d 2019-11-19
|i 4492889
|l 2
|o 530 CRO 1996
|p 4492889
|r 2025-04-22
|s 2024-03-14
|w 2019-11-19
|y BK
|k KIN
|
| 952 |
|
|
|0 0
|1 0
|2 ddc
|4 0
|6 530_000000000000000_CRO_1996
|7 0
|8 A
|9 290102
|a BIBCUR
|b BIBCUR
|d 2019-11-19
|i 4492897
|l 1
|o 530 CRO 1996
|p 4492897
|r 2025-04-22
|s 2022-11-11
|w 2019-11-19
|y BK
|k KIN
|
| 952 |
|
|
|0 0
|1 0
|2 ddc
|4 0
|6 530_000000000000000_CRO_1996
|7 0
|8 A
|9 290103
|a BIBCUR
|b BIBCUR
|d 2019-11-19
|i 4492900
|o 530 CRO 1996
|p 4492900
|r 2025-04-22
|w 2019-11-19
|y BK
|k KIN
|
| 952 |
|
|
|0 0
|1 0
|2 ddc
|4 0
|6 530_000000000000000_CRO_1996
|7 0
|8 A
|9 290104
|a BIBCUR
|b BIBCUR
|d 2019-11-19
|i 4492919
|l 1
|o 530 CRO 1996
|p 4492919
|r 2025-04-22
|s 2022-01-17
|w 2019-11-19
|y BK
|k KIN
|